Merged Countries #1 - Statistics

General Stats
  • This quiz has been taken 105,390 times
  • The average score is 13 of 20
Answers on the Map
Answers color-coded by a green-red scale on the quiz's map according to % correct below.
 
Answer Stats
Country % Correct
Pakistan
81%
Afghanistan
78%
Russia
78%
Mongolia
73%
Czech Republic
70%
Argentina
69%
Mali
69%
Paraguay
69%
Slovakia
69%
Mauritania
66%
Somalia
66%
Vietnam
66%
Cambodia
65%
Kenya
64%
Guyana
62%
Suriname
62%
Rep. of the Congo
58%
Gabon
51%
Croatia
43%
Slovenia
43%
No matching quizzes found
Score Distribution
Percent of People with Each Score
Percentile by Number Answered
Your Score History
You have not taken this quiz